[Event "Velez Rapid op 10th"]
[Site "Velez Santander"]
[Date "2023.11.06"]
[Round "5"]
[White "Araque, Rafael"]
[Black "Rodriguez, Gabriel"]
[Result "1/2-1/2"]
[WhiteElo "2146"]
[BlackElo "1986"]
[PlyCount "61"]
[EventDate "2023.11.06"]
[EventType "swiss (rapid)"]
[EventRounds "10"]
[EventCountry "COL"]
[SourceTitle "Mega2024 Update 01"]
[Source "Chessbase"]
[SourceDate "2023.11.12"]
[SourceVersion "1"]
[SourceVersionDate "2023.11.12"]
[SourceQuality "1"]

1. d4 Nf6 2. g3 c5 3. Nf3 g6 4. Bg2 Bg7 5. d5 0-0 6. c4 d6 7. 0-0 b5 8. cxb5 a6 9. Nc3 Nbd7 10. a4 axb5 11. Nxb5 Nb6 12. Nc3 Ba6 13. Re1 Qd7 14. e4 Ng4 15. Bf4 Nc4 16. Qc2 Rfb8 17. b3 Nce5 18. Nxe5 Nxe5 19. Red1 Rb7 20. Bxe5 Bxe5 21. Rab1 Rab8 22. Bf1 Bxf1 23. Rxf1 Rb4 24. Nb5 Bg7 25. Kg2 Rf8 26. Rbe1 Rc8 27. Rc1 Rf8 28. Rce1 Rc8 29. Rc1 Bh6 30. f4 f5 31. exf5 1/2-1/2

[Event "Velez Rapid op 10th"]
[Site "Velez Santander"]
[Date "2023.11.06"]
[Round "9"]
[White "Rodriguez, Gabriel"]
[Black "Negron Arias, Juan Carlos"]
[Result "1-0"]
[WhiteElo "1986"]
[BlackElo "1897"]
[PlyCount "71"]
[EventDate "2023.11.06"]
[EventType "swiss (rapid)"]
[EventRounds "10"]
[EventCountry "COL"]
[SourceTitle "Mega2024 Update 01"]
[Source "Chessbase"]
[SourceDate "2023.11.12"]
[SourceVersion "1"]
[SourceVersionDate "2023.11.12"]
[SourceQuality "1"]

1. d4 d5 2. Nf3 h6 3. g3 Nf6 4. Bg2 e6 5. 0-0 Bd6 6. c4 c6 7. Qc2 0-0 8. Nbd2 Re8 9. Rd1 Nbd7 10. e4 dxe4 11. Nxe4 Nxe4 12. Qxe4 Nf6 13. Qc2 Qe7 14. c5 Bc7 15. Nd2 Bd7 16. Nc4 Rad8 17. b4 Bc8 18. h3 Nd5 19. a3 Qf6 20. Bb2 Re7 21. Qb3 Red7 22. a4 b5 23. axb5 cxb5 24. Nd2 a6 25. Ne4 Qg6 26. c6 Re7 27. Nc5 Bb6 28. Nxa6 Bxa6 29. Rxa6 Rc7 30. Bxd5 Rxd5 31. Rxb6 h5 32. Qd3 Qxd3 33. Rxd3 e5 34. Kg2 e4 35. Rc3 f5 36. Rb7 1-0

[Event "Velez Rapid op 10th"]
[Site "Velez Santander"]
[Date "2023.11.06"]
[Round "7"]
[White "Rodriguez, Gabriel"]
[Black "Rueda Rojas, Richard Alejandro"]
[Result "1-0"]
[WhiteElo "1986"]
[BlackElo "1876"]
[PlyCount "119"]
[EventDate "2023.11.06"]
[EventType "swiss (rapid)"]
[EventRounds "10"]
[EventCountry "COL"]
[SourceTitle "Mega2024 Update 01"]
[Source "Chessbase"]
[SourceDate "2023.11.12"]
[SourceVersion "1"]
[SourceVersionDate "2023.11.12"]
[SourceQuality "1"]

1. d4 Nf6 2. Nf3 g6 3. Bg5 Bg7 4. Nc3 d5 5. Bxf6 exf6 6. e4 dxe4 7. Nxe4 0-0 8. Be2 f5 9. Nc5 b6 10. Nb3 a5 11. a4 Bb7 12. 0-0 Nc6 13. c4 Qd7 14. d5 Nb4 15. Nbd4 Rfe8 16. Qb3 Rad8 17. Rfd1 Re4 18. Bf1 Rde8 19. Nb5 h6 20. Rac1 Na6 21. d6 Nc5 22. Qa3 c6 23. Nc7 Rd8 24. b4 Na6 25. bxa5 bxa5 26. Nxa6 Bxa6 27. Qc5 Ra8 28. Qxa5 Bb7 29. Qb6 Rxa4 30. Rb1 Bc8 31. c5 Bf6 32. Bb5 cxb5 33. c6 Qa7 34. d7 Bxd7 35. Qxa7 Rxa7 36. cxd7 Bd8 37. Rxb5 Re7 38. Rb8 Rexd7 39. Rxd8+ Rxd8 40. Rxd8+ Kg7 41. g3 Kf6 42. Rb8 Ra6 43. h4 Rd6 44. Kg2 g5 45. h5 Rc6 46. Rb5 Rd6 47. Ne5 Re6 48. Nd7+ Ke7 49. Nb6 Kf6 50. Nd5+ Kg7 51. f4 Re2+ 52. Kg1 Re1+ 53. Kf2 Rh1 54. Ne3 gxf4 55. Nxf5+ Kf6 56. g4 Ra1 57. Nxh6 Ra3 58. g5+ Kg7 59. Nf5+ Kh7 60. Rb7 1-0

[Event "Velez Rapid op 10th"]
[Site "Velez Santander"]
[Date "2023.11.06"]
[Round "10"]
[White "Suasnabar, Jesus"]
[Black "Rodriguez, Gabriel"]
[Result "0-1"]
[WhiteElo "1963"]
[BlackElo "1986"]
[PlyCount "52"]
[EventDate "2023.11.06"]
[EventType "swiss (rapid)"]
[EventRounds "10"]
[EventCountry "COL"]
[SourceTitle "Mega2024 Update 01"]
[Source "Chessbase"]
[SourceDate "2023.11.12"]
[SourceVersion "1"]
[SourceVersionDate "2023.11.12"]
[SourceQuality "1"]

1. e4 c5 2. c3 d5 3. exd5 Qxd5 4. d4 Nc6 5. Nf3 e6 6. Bd3 Nf6 7. 0-0 cxd4 8. cxd4 Be7 9. Nc3 Qd8 10. a3 0-0 11. Bc2 b6 12. Re1 Bb7 13. Qd3 Re8 14. Bg5 g6 15. Rad1 Nd5 16. Bh6 Rc8 17. Bb3 Nxc3 18. bxc3 Na5 19. Ba2 Bd5 20. Bxd5 Qxd5 21. Ne5 Nc4 22. Nxc4 Qxc4 23. Qg3 Qxc3 24. Re3 Qd2 25. Qe5 Qxd1+ 26. Re1 Bf6 0-1

[Event "Velez op 10th"]
[Site "Velez Santander"]
[Date "2023.11.05"]
[Round "9"]
[White "Rodriguez, Gabriel"]
[Black "Garcia Carey, Osmel"]
[Result "1-0"]
[WhiteElo "1986"]
[BlackElo "2249"]
[PlyCount "117"]
[EventDate "2023.11.01"]
[EventType "swiss"]
[EventRounds "10"]
[EventCountry "COL"]
[SourceTitle "Mega2024 Update 01"]
[Source "Chessbase"]
[SourceDate "2023.11.12"]
[SourceVersion "1"]
[SourceVersionDate "2023.11.12"]
[SourceQuality "1"]

1. d4 Nf6 2. Nf3 d6 3. Bg5 c6 4. Nc3 Bg4 5. Qd3 Qa5 6. Bd2 Qc7 7. e4 Nbd7 8. h3 Bxf3 9. gxf3 e5 10. f4 exd4 11. Qxd4 Nc5 12. 0-0-0 Ne6 13. Qe3 Qb6 14. Qe1 0-0-0 15. Be3 Qa5 16. Bc4 Re8 17. f5 Nc5 18. Bxf7 Rd8 19. f3 Kb8 20. Qf2 Be7 21. Bxc5 Qxc5 22. Qxc5 dxc5 23. Rxd8+ Rxd8 24. Rd1 Rf8 25. Be6 Nh5 26. Ne2 Bg5+ 27. Kb1 Nf4 28. Nxf4 Bxf4 29. Rd7 Bh6 30. a4 a5 31. c3 Rc8 32. Kc2 Rc7 33. Rd8+ Ka7 34. Bg8 Bg5 35. Rd1 h6 36. Bc4 Re7 37. Be6 Kb6 38. Kb3 Re8 39. Rg1 Re7 40. Rg4 Be3 41. Rg6 Bf4 42. f6 Rxe6 43. f7 Rxg6 44. f8Q Bd6 45. Qf7 Rf6 46. Qxg7 c4+ 47. Kxc4 Rxf3 48. Qd4+ Kc7 49. e5 Be7 50. e6 Bd6 51. Qg7+ Kb6 52. Qd7 Bf8 53. h4 Rf4+ 54. Kb3 h5 55. e7 Bxe7 56. Qxe7 Rg4 57. Qf7 c5 58. Qxh5 c4+ 59. Ka2 1-0

[Event "Velez op 10th"]
[Site "Velez Santander"]
[Date "2023.11.01"]
[Round "1"]
[White "Claverie, Raul Ricardo"]
[Black "Rodriguez, Gabriel"]
[Result "0-1"]
[WhiteElo "2384"]
[BlackElo "1986"]
[PlyCount "54"]
[EventDate "2023.11.01"]
[EventType "swiss"]
[EventRounds "10"]
[EventCountry "COL"]
[SourceTitle "Mega2024 Update 01"]
[Source "Chessbase"]
[SourceDate "2023.11.12"]
[SourceVersion "1"]
[SourceVersionDate "2023.11.12"]
[SourceQuality "1"]

1. e4 c5 2. Nf3 e6 3. d3 Nc6 4. g3 d5 5. Qe2 Nf6 6. Bg2 Be7 7. 0-0 0-0 8. e5 Nd7 9. c4 Nb6 10. Rd1 Bd7 11. Nc3 Nd4 12. Nxd4 cxd4 13. Nb1 Bc6 14. Qg4 Kh8 15. b3 f6 16. exf6 Bxf6 17. Qxe6 Re8 18. Qg4 dxc4 19. Bxc6 bxc6 20. bxc4 Nxc4 21. Bf4 Ne3 22. fxe3 dxe3 23. Bg5 e2 24. Re1 Qd4+ 25. Qxd4 Bxd4+ 26. Kh1 Bxa1 27. Bf4 Rad8 0-1

[Event "Buenos Aires U2200 1st"]
[Site "Buenos Aires"]
[Date "2015.02.15"]
[Round "5.7"]
[White "Rodriguez, Gabriel"]
[Black "Leal, Jorge Augusto"]
[Result "1-0"]
[WhiteElo "1990"]
[BlackElo "1953"]
[PlyCount "43"]
[EventDate "2015.02.14"]
[EventType "swiss"]
[EventRounds "7"]
[EventCountry "ARG"]
[SourceTitle "EXT 2024"]
[Source "ChessBase"]
[SourceDate "2023.10.10"]
[SourceVersion "1"]
[SourceVersionDate "2023.10.10"]
[SourceQuality "1"]

1. e4 e6 2. d4 d5 3. e5 c5 4. Nf3 Nc6 5. Bd3 cxd4 6. 0-0 a6 7. Re1 Bc5 8. Nbd2 Nge7 9. a3 Ng6 10. Nf1 Qc7 11. Qe2 Bd7 12. Ng3 0-0 13. Nh5 Ba7 14. Bh6 gxh6 15. Qd2 f5 16. exf6 Kf7 17. Qxh6 Ke8 18. Qxh7 Nh8 19. Rxe6+ Kd8 20. Re7 Bc5 21. Rae1 Kc8 22. Rxd7 1-0

[Event "Barcelona Tardor op 2nd"]
[Site "Barcelona"]
[Date "2014.10.27"]
[Round "4"]
[White "Garcia Espelta, Josep"]
[Black "Rodriguez, Gabriel"]
[Result "1-0"]
[WhiteElo "2060"]
[BlackElo "1802"]
[PlyCount "73"]
[EventDate "2014.10.06"]
[EventType "swiss"]
[EventRounds "8"]
[EventCountry "ESP"]
[SourceTitle "EXT 2016"]
[Source "ChessBase"]
[SourceDate "2015.10.08"]
[SourceVersion "1"]
[SourceVersionDate "2015.10.08"]
[SourceQuality "1"]

1. d4 d5 2. Nf3 Nf6 3. c4 e6 4. Nc3 a6 5. Bg5 Bb4 6. Qa4+ Nc6 7. e3 Bxc3+ 8. bxc3 0-0 9. Bd3 Bd7 10. Qc2 h6 11. Bh4 dxc4 12. Bxc4 b5 13. Bd3 Re8 14. e4 e5 15. d5 Na5 16. Bg3 Nc4 17. Bxc4 bxc4 18. Nxe5 Bc8 19. 0-0 Nh5 20. Nxc4 Nxg3 21. hxg3 a5 22. Ne3 Rb8 23. Rfe1 Qf6 24. f3 Bd7 25. Rab1 a4 26. Kf2 a3 27. Qd3 Rb2+ 28. Rxb2 axb2 29. Rb1 Rb8 30. Nd1 Bb5 31. Qd4 Qxd4+ 32. cxd4 Bd3 33. Rxb2 Rxb2+ 34. Nxb2 Bb5 35. a4 Ba6 36. Ke3 Kf8 37. Nd3 1-0

[Event "Barcelona Tardor op 2nd"]
[Site "Barcelona"]
[Date "2014.10.20"]
[Round "3"]
[White "Rodriguez, Gabriel"]
[Black "Permanyer Ugartemendia, Inaki"]
[Result "0-1"]
[WhiteElo "1802"]
[BlackElo "1872"]
[PlyCount "72"]
[EventDate "2014.10.06"]
[EventType "swiss"]
[EventRounds "8"]
[EventCountry "ESP"]
[SourceTitle "EXT 2016"]
[Source "ChessBase"]
[SourceDate "2015.10.08"]
[SourceVersion "1"]
[SourceVersionDate "2015.10.08"]
[SourceQuality "1"]

1. e4 c6 2. d4 d5 3. Nc3 dxe4 4. Nxe4 Bf5 5. Ng3 Bg6 6. Nf3 Nd7 7. Nh4 Ngf6 8. Nxg6 hxg6 9. Be2 Qc7 10. c3 0-0-0 11. Qc2 e5 12. Be3 Nd5 13. 0-0-0 Nxe3 14. fxe3 f5 15. Qa4 Kb8 16. Kb1 Be7 17. Nf1 Bg5 18. dxe5 Qxe5 19. h4 Nc5 20. Rxd8+ Rxd8 21. Qc2 Bh6 22. Rh3 Ne4 23. a3 Nf2 24. Rf3 Ng4 25. Qc1 Re8 26. Qe1 Nxe3 27. Nxe3 Bxe3 28. Qg3 Qxg3 29. Rxg3 Bf2 30. Rxg6 Rxe2 31. g3 Re7 32. h5 Be3 33. g4 fxg4 34. Rxg4 Kc7 35. Rg6 Kd7 36. Kc2 Bh6 0-1

[Event "Barcelona Tardor op 2nd"]
[Site "Barcelona"]
[Date "2014.10.13"]
[Round "2"]
[White "Vallbona Domingo, Joan"]
[Black "Rodriguez, Gabriel"]
[Result "1-0"]
[WhiteElo "2081"]
[BlackElo "1802"]
[PlyCount "81"]
[EventDate "2014.10.06"]
[EventType "swiss"]
[EventRounds "8"]
[EventCountry "ESP"]
[SourceTitle "EXT 2016"]
[Source "ChessBase"]
[SourceDate "2015.10.08"]
[SourceVersion "1"]
[SourceVersionDate "2015.10.08"]
[SourceQuality "1"]

1. Nf3 Nf6 2. c4 e6 3. g3 d5 4. Bg2 c5 5. cxd5 exd5 6. d4 Nc6 7. 0-0 cxd4 8. Nxd4 Bc5 9. Nxc6 bxc6 10. Qc2 Qb6 11. Nc3 Bd6 12. Be3 Qc7 13. Rac1 Be6 14. Na4 Rc8 15. Bc5 0-0 16. Bxd6 Qxd6 17. Rfd1 Qe7 18. a3 g6 19. Qc5 Qb7 20. Qd4 Nd7 21. Nc5 Nxc5 22. Rxc5 Rfe8 23. Rdc1 Re7 24. h4 h5 25. e3 Bf5 26. Qc3 Ree8 27. b4 a6 28. Bf1 Be4 29. Bh3 f5 30. Bf1 Qf7 31. Bxa6 Rc7 32. Qd4 f4 33. exf4 Qf5 34. Bf1 Qg4 35. Bg2 Qe2 36. Bxe4 Rxe4 37. Qf6 Qg4 38. Qd8+ Kh7 39. Qxc7+ Kh6 40. Rxc6 Re7 41. Qd6 1-0